000 00287nam a22001217a 4500
008 240711b |||||||| |||| 00| 0 eng d
100 _aDeepchand
_916871
245 _aBharat Itihas
260 _bSunder Sahitya;
_c1924.
300 _a124p.
700 _aTrilokchand
_916872
942 _cBK
999 _c40012
_d40012